| 000 | 00573pab a2200181 454500 | ||
|---|---|---|---|
| 008 | 180718b2008 xxu||||| |||| 00| 0 eng d | ||
| 100 | _aMezzadri, Alessandra | ||
| 245 | _aThe rise of neo-liberal globalisation and the 'new old' social regulation of labour: a case of Delhi garment sector | ||
| 260 | _c2008 | ||
| 300 | _ap.603-17. | ||
| 362 | _aOct-Dec | ||
| 650 | _aLabour - India - Delhi:India - Textile industries | ||
| 650 | _aGlobalization - India - Delhi | ||
| 650 | _aLabour | ||
| 773 | _aIndian Journal of Labour Economics | ||
| 908 | _aN | ||
| 909 | _a80913 | ||
| 999 |
_c80913 _d80913 |
||